| 000 | 00819cab a2200289 4500 | ||
|---|---|---|---|
| 001 | ABS44451 | ||
| 008 | 090401t1991 xxu||||| |||| 00| 0 eng d | ||
| 035 | _a(Sirsi) u47185 | ||
| 041 | _aeng | ||
| 100 | _aFord, A. | ||
| 245 | _aLearning to roll with the punches | ||
| 260 | _c1991 | ||
| 350 | _a0 | ||
| 490 |
_aAsian Property _vApril 1991, 32-34 (3) |
||
| 520 | _aLooks at the problems facing the Canadian real estate market with particular reference to Toronto and Vancouver . | ||
| 650 | _aCANADA | ||
| 650 | _aPROPERTY-COMMERCIAL PROPERTY | ||
| 650 | _aECONOMY | ||
| 650 | _aFOREIGN INVESTMENT | ||
| 650 | _aINTEREST RATES | ||
| 650 | _aINVESTMENT | ||
| 650 |
_aLANDLORD AND TENANT _96252 |
||
| 650 | _aRECESSION | ||
| 690 | _aOVERSEAS-REST OF THE WORLD | ||
| 942 | _n0 | ||
| 948 | _c04/03/1997 | ||
| 999 |
_c29761 _d29761 |
||